A pedagógusnap alkalmából pályadíjas nevelők
Elmentve itt :
| Dokumentumtípus: | Cikk |
|---|---|
| Megjelent: |
1968-06-02
|
| Sorozat: | Délmagyarország
58 No. 128 |
| Kulcsszavak: | Udvardi Ferencné, Pályadíjak Szeged 1968, Kitüntetés |
| Online Access: | http://dmarchiv.bibl.u-szeged.hu/55964 |
| LEADER | 00467nab a2200145 i 4500 | ||
|---|---|---|---|
| 001 | delm55964 | ||
| 005 | 20180927141844.0 | ||
| 008 | 180927s1968 hu o 0|| hun d | ||
| 040 | |a SZTE Délmagyarország Archívum |b hun | ||
| 041 | |a hun | ||
| 245 | 0 | 2 | |a A pedagógusnap alkalmából |h [elektronikus dokumentum] : |b pályadíjas nevelők |
| 260 | |c 1968-06-02 | ||
| 300 | |a 3 | ||
| 490 | 0 | |a Délmagyarország |v 58 No. 128 | |
| 695 | |a Udvardi Ferencné, Pályadíjak Szeged 1968, Kitüntetés | ||